[Event "Sumr Classic (Open)"]
[Site "Boise, ID"]
[Date "2010.06.27"]
[Round "5.2"]
[White "Douglas, Kurt P"]
[Black "Pellam, Randall W"]
[Result "0-1"]
[WhiteElo "1691"]
[BlackElo "1936"]

1. e4 e5 2. Nf3 Nc6 3. Bb5 a6 4. Ba4 Nf6 5. O-O Be7 6. Re1 b5 7. Bb3 O-O 8. c3
d5 9. exd5 Nxd5 10. Nxe5 Nxe5 11. Rxe5 c6 12. d4 Bd6 13. Re1 Qh4 14. g3 Qh3
15. Qe2 Bg4 16. Qf1 Qh5 17. Be3 Rae8 18. Nd2 Kh8 19. Bd1 f5 20. Bxg4 fxg4 21.
Qg2 Re6 22. Ne4 Rfe8 23. Nxd6 Rxd6 24. Bd2 Rf8 25. Re5 Qf7 26. Rae1 Rf6 27.
R1e2 h6 28. Be1 Rf3 29. h3 gxh3 30. Qxh3 Nf4 31. Qf1 Nxe2+ 32. Qxe2 Qg6 33.
Re6 R3f6 34. Rxf6 Rxf6 35. Bd2 Re6 36. Be3 Qb1+ 37. Kg2 Qxa2 38. Qf3 Qd5 39.
Qxd5 cxd5 40. b4 g5 41. Kf3 Kg7 42. g4 Kg6 43. Ke2 Rf6 44. f3 Re6 45. Kf2 h5
46. gxh5+ Kxh5 47. Bd2 Kg6 48. Be3 Kf5 49. Ke2 Rh6 50. Bd2 Rh2+ 51. Ke3 g4 52.
fxg4+ Kxg4 53. Be1 Rh3+ 54. Ke2 Kf5 55. Kd2 Ke4 56. Kc2 Rh2+ 57. Kb3 Kd3 58.
Ka3 Rh1 {#R} 0-1

[Event "Sumr Classic (Open)"]
[Site "Boise, ID"]
[Date "2010.06.27"]
[Round "5.3"]
[White "Ungureanu, Razvan"]
[Black "Kircher, Caleb Paul"]
[Result "1-0"]
[WhiteElo "1700"]
[BlackElo "1668"]

1. e4 d5 2. exd5 Nf6 3. d4 Nxd5 4. Nf3 Bg4 5. Be2 e6 6. c4 Nb6 7. b3 Nc6 8.
Bb2 Be7 9. O-O Bf6 10. Qd3 Qd7 11. Nbd2 O-O-O 12. c5 Nd5 13. Ne4 Bf5 14. Rfd1
Nf4 15. Qe3 Nd5 16. Qd3 Ndb4 17. Qb1 Qe7 18. a3 Nd5 19. g3 g5 20. Bd3 Bxe4 21.
Bxe4 g4 22. Ne1 Bg5 23. b4 f5 24. b5 Nb8 25. f4 gxf3 26. Bxf3 Be3+ 27. Kh1 h5
28. Ng2 f4 29. gxf4 Qd7 30. Nxe3 Nxe3 31. Rc1 Nd5 32. Qe4 c6 33. a4 Rdf8 34.
Qe5 Rh7 35. Be4 Rhf7 36. Rg1 Rxf4 37. Rg7 Rxe4 38. Qxb8+ Kxb8 39. Rxd7 Rf2 40.
Rg1 Rg4 41. Bc1 Ra2 42. Bh6 Rxg1+ 43. Kxg1 Rxa4 44. bxc6 bxc6 45. Bg7 Ra2 46.
Be5+ Kc8 47. Rh7 Ne3 48. Rc7+ Kd8 49. Rxc6 Kd7 50. Rc7+ Kd8 51. Rh7 Nf5 52. c6
Ra1+ 53. Kf2 Ra2+ 54. Kf3 Nxd4+ 55. Bxd4 Rc2 56. c7+ Kc8 57. Be5 a5 58. Rh8+
Kb7 59. Rb8+ {#r} 1-0

[Event "Sumr Classic (Open)"]
[Site "Boise, ID"]
[Date "2010.06.27"]
[Round "5.7"]
[White "Brown, Nicholas Ross"]
[Black "Roland, Jeffrey T"]
[Result "0-1"]
[WhiteElo "1200"]
[BlackElo "1754"]

1. f4 Nf6 2. Nf3 g6 3. e3 Bg7 4. d4 O-O 5. Bd3 d5 6. Nbd2 Nbd7 7. h3 Nh5 8.
Nf1 f5 9. g4 fxg4 10. hxg4 Nhf6 11. Ng5 Nb6 12. Rh4 h6 13. Nh3 Ne4 14. Bxe4
dxe4 15. Qe2 e5 16. Qf2 exd4 17. Bd2 dxe3 18. Bxe3 Bxb2 19. Rd1 Bc3+ 20. Ke2
Qe7 21. Rxh6 Bxg4+ {#R} 0-1

[Event "Sumr Classic (Open)"]
[Site "Boise, ID"]
[Date "2010.06.27"]
[Round "5.8"]
[White "Dominick, Matthew Thomas"]
[Black "Buckendorf Jr., Glen"]
[Result "1/2-1/2"]
[WhiteElo "1369"]
[BlackElo "1800"]

1. e4 e5 2. Nf3 Nc6 3. Bb5 d6 4. d4 exd4 5. Nxd4 Bd7 6. O-O Nf6 7. Bg5 Be7 8.
Re1 O-O 9. Nc3 h6 10. Bh4 a6 11. Bxc6 bxc6 12. Nf5 Bxf5 13. exf5 Re8 14. Qf3
d5 15. Re2 Qd7 16. Rae1 Kf8 17. g4 Ng8 18. Bxe7+ Rxe7 19. h3 Rxe2 20. Rxe2 Re8
21. Na4 Rxe2 22. Qxe2 Qe7 23. Qxa6 Qe1+ 24. Qf1 Qe4 25. Qa6 Qe1+ 26. Qf1 {#d}
1/2-1/2

[Event "Sumr Classic (Open)"]
[Site "Boise, ID"]
[Date "2010.06.27"]
[Round "5.10"]
[White "Patterson, Emily N"]
[Black "Lang, Jamie"]
[Result "1-0"]
[WhiteElo "1488"]
[BlackElo "1411"]

1. c4 Nf6 2. Nc3 Nc6 3. d4 d5 4. Nf3 e6 5. Bf4 Bb4 6. cxd5 Nxd5 7. Bd2 O-O 8.
e4 Nf6 9. Bg5 h6 10. Bh4 g5 11. Nxg5 hxg5 12. Bxg5 Qxd4 13. Qxd4 Nxd4 14. Bxf6
Nc2+ 15. Kd2 Nxa1 16. Bd3 Nb3+ 17. axb3 b6 18. Re1 Bb7 19. e5 Bd5 20. Re3 Rfc8
21. Rg3+ Kf8 22. h4 Be7 23. h5 Bxf6 24. exf6 Ke8 25. Rg7 Rd8 26. h6 Kd7 27.
Rxf7+ Kc6 28. g4 Bxb3 29. g5 Bc4 30. g6 Bxd3 31. g7 Bg6+ 32. Ke3 Bxf7 33. Ne4
Rh8 34. gxh8=Q Rxh8 35. Ng5 Rxh6 36. Nxf7 Rxf6 37. Ne5+ Kb7 38. f4 Rh6 39. Nf7
Rf6 40. Ne5 Rf5 41. Ke4 Rxe5+ 42. Kxe5 Kc8 43. Kxe6 Kd8 44. Kf7 c5 45. f5 c4
46. f6 c3 47. bxc3 a5 48. Kg8 {#r} 1-0

[Event "Sumr Classic (Reserve)"]
[Site "Boise, ID"]
[Date "2010.06.26"]
[Round "1.1"]
[White "Joki, Rodney C"]
[Black "Veibell, Vincent"]
[Result "0-1"]
[WhiteElo "1270"]
[BlackElo "456"]

1. d4 d5 2. Nf3 Nf6 3. c4 dxc4 4. Nc3 Nc6 5. e4 Bg4 6. Be2 Bxf3 7. Bxf3 Nxd4
8. Qa4+ b5 9. Qd1 Nxf3+ 10. Qxf3 e5 11. O-O Bb4 12. Nxb5 O-O 13. Rd1 Qe8 14.
Bd2 Bxd2 15. Rxd2 Qxb5 16. h4 Rad8 17. Rad1 h5 18. Qf5 g6 19. Rxd8 Rxd8 20.
Rxd8+ Ne8 21. Rd7 gxf5 {#R} 0-1

[Event "Sumr Classic (Reserve)"]
[Site "Boise, ID"]
[Date "2010.06.26"]
[Round "3.4"]
[White "Joki, Rodney C"]
[Black "Featherston, Scott"]
[Result "0-1"]
[WhiteElo "1270"]
[BlackElo "791"]

1. d4 e6 2. Nf3 Nc6 3. e3 a5 4. c3 d6 5. Bd3 h6 6. O-O Bd7 7. Nbd2 Qe7 8. Re1
e5 9. d5 Nd8 10. Qc2 Nf6 11. e4 g5 12. h3 Nh5 13. Nf1 g4 14. hxg4 Bxg4 15.
N1h2 Qd7 16. a4 Rg8 17. Bb5 c6 18. Be2 Bh3 19. Bf1 Bg4 20. Qd3 f5 21. Nh4 f4
22. Nxg4 Qxg4 23. Nf5 Nf7 24. c4 c5 25. Ra3 Ng5 26. Kh1 f3 27. gxf3 Nxf3 28.
Ng3 Nxg3+ 29. fxg3 Qxg3 {#R} 0-1

[Event "Sumr Classic (Open)"]
[Site "Boise, ID"]
[Date "2011.07.09"]
[Round "1.3"]
[White "Lundy III, George"]
[Black "Buckendorf Jr., Glen"]
[Result "1-0"]
[WhiteElo "1454"]
[BlackElo "1800"]

1. e4 c5 2. Bd3 Nc6 3. c3 g6 4. Nf3 Bg7 5. Bc2 Nf6 6. h3 O-O 7. O-O Nh5 8. d3
Qc7 9. Be3 d6 10. Nbd2 e5 11. Re1 f5 12. exf5 gxf5 13. Nxe5 dxe5 14. Qxh5 Qf7
15. Bb3 Be6 16. Bxe6 Qxe6 17. Bxc5 Rf6 18. Qf3 b6 19. Ba3 Bh6 20. Nc4 b5 21.
Nxe5 Nxe5 22. Qxa8+ Bf8 23. d4 b4 24. Rxe5 Qb6 25. Bxb4 Kg7 26. Bxf8+ Rxf8 27.
Re7+ Rf7 28. Rxf7+ Kxf7 29. Qd5+ Kg6 30. b3 Qc7 31. c4 f4 32. Re1 {#r} 1-0

[Event "Sumr Classic (Open)"]
[Site "Boise, ID"]
[Date "2011.07.09"]
[Round "1.5"]
[White "Patterson, Emily N"]
[Black "Kircher, Caleb Paul"]
[Result "0-1"]
[WhiteElo "1442"]
[BlackElo "1744"]

1. e4 d5 2. e5 Bf5 3. Nf3 e6 4. d4 c5 5. c4 dxc4 6. Bxc4 Bxb1 7. Rxb1 Nc6 8.
O-O cxd4 9. Bb5 Bc5 10. Bxc6+ bxc6 11. Qa4 Qd7 12. Rd1 Rd8 13. Be3 Ne7 14.
Bxd4 Bxd4 15. Rxd4 Nd5 16. Ng5 O-O 17. Qc2 g6 18. Rh4 Qe7 19. Nf3 f6 20. exf6
Rxf6 21. Qc4 Qd6 22. Rd1 Rdf8 23. Rd3 Rf4 24. Rxf4 Rxf4 25. Rd4 e5 26. Re4 Kg7
27. Rxf4 Nxf4 28. g3 Qd1+ 29. Qf1 Qxf3 30. gxf4 Qxf4 31. Qd1 Qd4 32. Qxd4 exd4
33. Kf1 Kf6 34. b4 Ke5 35. Ke2 Kd5 36. Kd3 g5 37. a4 a6 38. a5 Ke5 39. f3 Kd5
40. h3 h5 {#R} 0-1

[Event "Sumr Classic (Open)"]
[Site "Boise, ID"]
[Date "2011.07.09"]
[Round "1.6"]
[White "Roland, Jeffrey T"]
[Black "Pentico, Christopher"]
[Result "1/2-1/2"]
[WhiteElo "1700"]
[BlackElo "1434"]

1. d4 Nf6 2. c4 e5 3. e3 exd4 4. exd4 Bb4+ 5. Bd2 Qe7+ 6. Qe2 O-O 7. Qxe7 Bxe7
8. Nf3 d5 9. Nc3 c6 10. cxd5 Nxd5 11. Nxd5 cxd5 12. Bd3 Nc6 13. O-O Bg4 14.
Ne5 Be6 15. Nxc6 bxc6 16. Rac1 Rab8 17. b3 Bf6 18. Rxc6 {#d} 1/2-1/2

[Event "Sumr Classic (Open)"]
[Site "Boise, ID"]
[Date "2011.07.09"]
[Round "2.3"]
[White "Kircher, Caleb Paul"]
[Black "Lundy III, George"]
[Result "1-0"]
[WhiteElo "1744"]
[BlackElo "1454"]

1. f4 f5 2. Nf3 Nf6 3. e3 d6 4. b3 Be6 5. Bb2 Nbd7 6. Nd4 Bf7 7. Nxf5 e6 8.
Nd4 Be7 9. Be2 c5 10. Nf3 O-O 11. O-O Qc7 12. Nc3 a6 13. Ng5 b5 14. Nxf7 Rxf7
15. d3 d5 16. Bf3 Nb6 17. Ne2 Rd8 18. Ng3 g6 19. Be5 Bd6 20. d4 cxd4 21. exd4
Nbd7 22. Qd3 Qb6 23. Kh1 Be7 24. c3 Nxe5 25. fxe5 Nd7 26. Rad1 Rdf8 27. Qd2
Kg7 28. Bg4 Qc6 29. Bf3 Nb6 30. Rg1 Rf4 31. Qd3 Bg5 32. Nf1 Qc8 33. Nd2 R4f7
34. Ra1 Bxd2 35. Qxd2 Rc7 36. Rac1 Qd7 37. Rgf1 Qf7 38. Qe2 Qe8 39. g3 Qc8 40.
Qe3 Rcf7 41. Kg2 Qc7 42. h4 h6 43. Be2 Qe7 44. Bd3 Rxf1 45. Rxf1 Rxf1 46. Kxf1
Qa3 47. Qf2 Nd7 48. Qc2 Qf8+ 49. Kg2 Qf7 50. c4 dxc4 51. bxc4 bxc4 52. Qxc4
Nb8 53. Qc8 {#r} 1-0

[Event "Sumr Classic (Open)"]
[Site "Boise, ID"]
[Date "2011.07.09"]
[Round "2.4"]
[White "Buckendorf Jr., Glen"]
[Black "Roland, Jeffrey T"]
[Result "0-1"]
[WhiteElo "1800"]
[BlackElo "1700"]

1. e4 e5 2. Nf3 Nc6 3. Bb5 a6 4. Ba4 d6 5. O-O Bd7 6. c3 Nge7 7. Re1 Ng6 8. d4
Be7 9. d5 Nb8 10. Bxd7+ Nxd7 11. Nbd2 O-O 12. Nf1 f5 13. exf5 Rxf5 14. Ng3 Rf7
15. Ne4 Nf4 16. g3 Nh3+ 17. Kg2 Qf8 18. Nfg5 Nxg5 19. Bxg5 Bxg5 20. Nxg5 Rxf2+
21. Kh1 Qf5 22. Qh5 h6 23. h4 hxg5 24. hxg5 Nf6 25. Qh4 Qf3+ 26. Kg1 Qg2# 0-1

[Event "Sumr Classic (Open)"]
[Site "Boise, ID"]
[Date "2011.07.09"]
[Round "2.5"]
[White "Pentico, Christopher"]
[Black "Kirk, Patrick T"]
[Result "1-0"]
[WhiteElo "1434"]
[BlackElo "1670"]

1. Nf3 g6 2. c4 Bg7 3. d4 d6 4. Nc3 Bg4 5. g3 Nc6 6. d5 Bxf3 7. exf3 Ne5 8. f4
Nd7 9. Bg2 Ngf6 10. O-O O-O 11. Rb1 a6 12. Qc2 Nb6 13. b3 Rc8 14. Bb2 c6 15.
Bh3 Rc7 16. Qd3 cxd5 17. Nxd5 Nfxd5 18. Bxg7 Nxf4 19. gxf4 Kxg7 20. Qd4+ e5
21. Qxb6 f5 22. Rfd1 Rff7 23. Qxd6 Qxd6 24. Rxd6 exf4 25. Bg2 g5 26. Re1 g4
27. Bd5 Rf8 28. f3 h5 29. Ree6 Kh8 30. Rh6+ Rh7 31. Rhf6 Re8 32. Rde6 Rhe7 33.
Rf8+ Rxf8 34. Rxe7 b5 35. Rf7 Rxf7 36. Bxf7 Kg7 37. Bxh5 g3 38. cxb5 axb5 39.
a4 {#r} 1-0

[Event "Sumr Classic (Open)"]
[Site "Boise, ID"]
[Date "2011.07.09"]
[Round "3.1"]
[White "Taylor, Tom"]
[Black "Kircher, Caleb Paul"]
[Result "1/2-1/2"]
[WhiteElo "1810"]
[BlackElo "1744"]

1. e4 d5 2. exd5 Nf6 3. Bb5+ Bd7 4. Bc4 Bg4 5. f3 Bf5 6. Nc3 c6 7. dxc6 Nxc6
8. Nge2 e5 9. O-O Bc5+ 10. Kh1 O-O 11. d3 Na5 12. Bb3 Nxb3 13. axb3 a6 14. Bg5
h6 15. Bh4 Qd6 16. Ng3 Bh7 17. Bxf6 Qxf6 18. Nge4 Qc6 19. Nxc5 Qxc5 20. Qe2
Rfe8 21. Rac1 Rad8 22. Qf2 Qxf2 23. Rxf2 f6 24. Re1 Rc8 25. Rfe2 Red8 26. Kg1
Rc7 27. Rd2 Rd4 28. Ne2 Rd6 29. Nc3 Rd4 30. Ne2 {#d} 1/2-1/2

[Event "Sumr Classic (Open)"]
[Site "Boise, ID"]
[Date "2011.07.09"]
[Round "3.3"]
[White "Douglas, Kurt P"]
[Black "Pentico, Christopher"]
[Result "1-0"]
[WhiteElo "1746"]
[BlackElo "1434"]

1. e4 Nf6 2. e5 Nd5 3. c4 Nb6 4. d4 d6 5. f4 dxe5 6. fxe5 Nc6 7. Be3 Bf5 8.
Nc3 e6 9. Nf3 Be7 10. Be2 Nb4 11. Rc1 O-O 12. O-O a5 13. a3 Na6 14. h3 c6 15.
Qd2 f6 16. g4 Bg6 17. Nh4 Bf7 18. Nf3 Nd7 19. exf6 Nxf6 20. Ne5 Be8 21. Rf2 c5
22. d5 exd5 23. cxd5 Nc7 24. Rd1 Bd6 25. Bf4 Qe7 26. Nc4 Bxf4 27. Rxf4 Qd7 28.
Nb6 Qd6 29. Nxa8 Nxa8 30. g5 Nh5 31. Rxf8+ Kxf8 32. Rf1+ Kg8 33. Qe3 Qg3+ 34.
Qxg3 Nxg3 35. Re1 Nxe2+ 36. Rxe2 Kf8 37. Kf2 b5 38. Re5 b4 39. Ne4 c4 40. Nd6
Nc7 41. Nxc4 bxa3 42. bxa3 a4 43. Nb6 Nb5 44. Nxa4 Nxa3 45. Nb6 Nb5 46. Ke3
Nd6 47. h4 g6 48. Kf4 Kf7 49. Re6 Nb7 50. Ke5 Nd8 51. Rf6+ Kg7 52. d6 Bf7 53.
d7 Kf8 54. Kd6 h5 55. Kc7 Ke7 56. Nc8+ Kf8 57. Kxd8 Kg7 58. Ke7 {#r} 1-0

[Event "Sumr Classic (Open)"]
[Site "Boise, ID"]
[Date "2011.07.09"]
[Round "3.6"]
[White "Kirk, Patrick T"]
[Black "Patterson, Emily N"]
[Result "0-1"]
[WhiteElo "1670"]
[BlackElo "1442"]

1. e4 e6 2. d4 d5 3. e5 c5 4. c3 Nc6 5. Nf3 f6 6. Bb5 Qb6 7. Bxc6+ bxc6 8. O-O
cxd4 9. exf6 Nxf6 10. Nxd4 Bc5 11. Re1 Bxd4 12. Qxd4 Qxd4 13. cxd4 Kd7 14. Nd2
h6 15. Nf3 g5 16. Ne5+ Kc7 17. f3 Rh7 18. Bd2 a5 19. a4 Nd7 20. Nd3 Nb6 21.
Nc5 Nc4 22. Bc3 Re7 23. b3 Nd6 24. g4 Nb7 25. Nd3 Kd6 26. Bb2 Re8 27. Rac1 Bd7
28. Ne5 c5 29. Ba3 Rac8 30. dxc5+ Nxc5 31. Bxc5+ Rxc5 32. Rxc5 Kxc5 33. Nxd7+
Kb4 34. Re3 d4 35. Rd3 e5 36. Nf6 Re6 37. Nd5+ Kc5 38. Nc7 Re7 39. Nb5 Kd5 40.
Kf2 Rf7 41. Kg3 Kc5 42. Na3 Kd5 43. Nc4 e4 44. fxe4+ Kxe4 45. Nd6+ Kxd3 46.
Nxf7 Ke2 47. Ne5 d3 48. Nf3 d2 49. Nxd2 Kxd2 50. h4 Kc3 51. hxg5 hxg5 52. Kf3
Kxb3 53. Ke3 Kxa4 54. Kd2 Kb3 55. Kc1 a4 56. Kb1 a3 57. Ka1 Kc4 58. Ka2 Kd4
59. Kxa3 Ke4 {#R} 0-1

[Event "Sumr Classic (Open)"]
[Site "Boise, ID"]
[Date "2011.07.10"]
[Round "4.2"]
[White "Kircher, Caleb Paul"]
[Black "Douglas, Kurt P"]
[Result "1/2-1/2"]
[WhiteElo "1744"]
[BlackElo "1746"]

1. f4 d5 2. e3 Nf6 3. b3 e6 4. Bb2 Nbd7 5. Nf3 g6 6. Be2 Bg7 7. O-O O-O 8. h3
c5 9. Qc1 Qc7 10. Ne5 Ne4 11. Nxd7 Bxd7 12. Bxg7 Kxg7 13. Qb2+ f6 14. Bd3 Nd6
15. c4 Rac8 16. Nc3 d4 17. exd4 cxd4 18. Ne4 Nxe4 19. Bxe4 e5 20. d3 Bc6 21.
Rae1 Rf7 22. f5 g5 23. Qe2 Bxe4 24. Qxe4 Kf8 25. Qg4 Rg7 26. Re4 Qf7 27. Qg3
h5 28. b4 Qd7 29. b5 Re7 30. Qe1 Ke8 31. Qe2 Rh7 32. a4 Qd6 33. Qb2 Kd8 34.
Rc1 Rcc7 35. a5 Rc5 36. Qb3 Qd7 37. Qb4 Qd6 38. Rb1 Kc8 {#d} 1/2-1/2

[Event "Sumr Classic (Open)"]
[Site "Boise, ID"]
[Date "2011.07.10"]
[Round "4.7"]
[White "Kirk, Patrick T"]
[Black "Buckendorf Jr., Glen"]
[Result "1-0"]
[WhiteElo "1670"]
[BlackElo "1800"]

1. e4 c5 2. Nf3 Nc6 3. d4 cxd4 4. Nxd4 d6 5. Bb5 Bd7 6. O-O Rc8 7. c4 a6 8.
Nxc6 Bxc6 9. Bxc6+ Rxc6 10. b3 Nf6 11. Re1 e6 12. e5 dxe5 13. Qxd8+ Kxd8 14.
Rxe5 Rd6 15. Nc3 Rd3 16. Bb2 Bd6 17. Re2 Ke7 18. Rd1 Rxd1+ 19. Nxd1 Rd8 20. h3
Nh5 21. Ne3 Nf4 22. Nd5+ Nxd5 23. cxd5 Rg8 24. dxe6 fxe6 25. g3 g6 26. Kg2 Rf8
27. Bc1 Rf5 28. h4 Kf7 29. Rd2 Rd5 30. Re2 h5 31. f4 Rd1 32. Bb2 Bc5 33. Rc2
Rg1+ 34. Kh2 Bb6 35. Be5 Rd1 36. b4 Bg1+ 37. Kg2 Bb6 38. a4 Rg1+ 39. Kh2 Rb1
40. a5 Bg1+ 41. Kg2 Be3 42. Rc7+ Ke8 43. Rxb7 Rg1+ 44. Kf3 Bd2 45. Rb6 Be1 46.
Rxe6+ Kd7 47. Rxg6 Bxb4 48. Rxa6 Rb1 49. Rb6 Rb3+ 50. Ke4 Kc8 51. Bd6 Rxg3 52.
Rxb4 Rg4 53. a6 Rxh4 54. a7 Kd7 55. a8=Q Rg4 56. Qd5 h4 57. Rb7+ Ke8 58. Qf7+
Kd8 59. Rb8# 1-0

[Event "Sumr Classic (Open)"]
[Site "Boise, ID"]
[Date "2011.07.10"]
[Round "5.1"]
[White "Taylor, Tom"]
[Black "Douglas, Kurt P"]
[Result "1/2-1/2"]
[WhiteElo "1810"]
[BlackElo "1746"]

1. e4 c5 2. Nc3 d6 3. g3 Nf6 4. Bg2 Nc6 5. d3 e6 6. h3 Be7 7. Be3 O-O 8. Qd2
Bd7 9. Nge2 Rc8 10. O-O a6 11. f4 Qc7 12. g4 h6 13. Ng3 b5 14. g5 hxg5 15.
fxg5 Nh7 16. Nge2 b4 17. Nd1 {#d} 1/2-1/2

[Event "Sumr Classic (Open)"]
[Site "Boise, ID"]
[Date "2011.07.10"]
[Round "5.2"]
[White "Roland, Jeffrey T"]
[Black "Kircher, Caleb Paul"]
[Result "1/2-1/2"]
[WhiteElo "1700"]
[BlackElo "1744"]

1. d4 Nf6 2. Nf3 d5 3. c4 c6 4. Nc3 e6 5. Bg5 dxc4 6. e4 b5 7. e5 h6 8. Bh4 g5
9. Nxg5 hxg5 10. Bxg5 Be7 11. Bxf6 Bxf6 12. exf6 Qxf6 13. Ne4 Qe7 14. Qf3 Qb4+
15. Qc3 Qxc3+ 16. bxc3 Ke7 17. a4 Nd7 18. axb5 cxb5 19. Be2 Bb7 20. Bf3 a6 21.
Kd2 Rad8 22. Ke3 f5 23. Nd2 Bxf3 24. Nxf3 Ra8 25. Ra5 Nf6 26. Ne5 Nd5+ 27. Kd2
Rh7 28. h4 Kf6 29. g3 Rc7 30. Rha1 b4 31. cxb4 Nxb4 32. Kc3 Nd5+ 33. Kc2 Nb4+
34. Kc3 {#d} 1/2-1/2

[Event "Sumr Classic (Reserve)"]
[Site "Boise, ID"]
[Date "2011.07.10"]
[Round "4.2"]
[White "Patterson, Katie Rae"]
[Black "Lang, Jamie"]
[Result "0-1"]
[WhiteElo "941"]
[BlackElo "1321"]

1. c4 e5 2. Nc3 Nf6 3. g3 d5 4. d4 dxc4 5. Bg5 exd4 6. Nb1 Bb4+ 7. Nd2 c3 8.
bxc3 dxc3 9. Qa4+ Nc6 10. Nc4 Qd4 11. Rc1 Ne4 12. Be3 Qxc4 13. Rc2 Bf5 14. Rc1
c2+ 15. Bd2 Bxd2# 0-1

[Event "ICA Sumr Classic (Open)"]
[Site "Boise, ID"]
[Date "2012.07.14"]
[Round "1.1"]
[White "Morrell, Tom A"]
[Black "Kircher, Caleb Paul"]
[Result "1-0"]
[WhiteElo "1696"]
[BlackElo "1788"]

1. d4 Nf6 2. g3 g6 3. Bg2 Bg7 4. e4 d6 5. Nc3 O-O 6. Nge2 c5 7. d5 a6 8. a4 e6
9. Bg5 h6 10. Bd2 exd5 11. exd5 Re8 12. Qc1 Bf5 13. O-O Nbd7 14. Bxh6 Bxh6 15.
Qxh6 Bxc2 16. Nf4 Ng4 17. Qh4 Qxh4 18. gxh4 Re5 19. Rfc1 Bf5 20. a5 Rae8 21.
h3 Ngf6 22. Kh2 R5e7 23. b3 Ne4 24. Nxe4 Bxe4 25. Bf1 Nf6 26. Bc4 Re5 27. Re1
Bxd5 28. Rxe5 Rxe5 29. Nxd5 Nxd5 30. Rd1 Nf6 31. Rxd6 Kg7 32. Kg2 Re7 33. f3
Nh5 34. Kf2 Nf4 35. Rd2 Ne6 36. Rd5 Kf6 37. Kg3 Rc7 38. h5 Ng7 39. hxg6 Kxg6
40. Kg4 Ne8 41. Kf4 f6 42. h4 Ng7 43. Kg4 f5+ 44. Kf4 Rc6 45. Rd7 b6 46. axb6
Rxb6 47. Ke5 Rb8 48. Kd5 Kf6 49. Rd6+ Ke7 50. Rxa6 Ne8 51. Kxc5 Rc8+ 52. Rc6
Rd8 53. Re6+ Kd7 54. Re5 Nd6 55. Bb5+ Nxb5 56. Rd5+ {#r} 1-0

[Event "ICA Sumr Classic (Open)"]
[Site "Boise, ID"]
[Date "2012.07.14"]
[Round "1.4"]
[White "Niro III, Frank A"]
[Black "Nahlen, John P"]
[Result "1-0"]
[WhiteElo "1700"]
[BlackElo "1601"]

1. e4 e5 2. Nf3 Nc6 3. Bb5 Bc5 4. c3 a6 5. Bxc6 bxc6 6. O-O d5 7. Nxe5 dxe4 8.
Nxf7 Qh4 9. g3 Qh3 10. Ng5 Qf5 11. Nxe4 Nf6 12. Nxc5 Qxc5 13. Re1+ Kd8 14. d4
Qd5 15. Re5 Qf7 16. Qb3 Qg6 17. Bg5 Bh3 18. Nd2 h6 19. Bxf6+ Qxf6 20. Nf1 Rf8
21. Qc2 Qf3 22. Ne3 Kd7 23. Re1 Rae8 24. Qe2 Qf7 25. Ng4 Kd8 26. Rxe8+ Rxe8
27. Qxe8+ Qxe8 28. Rxe8+ Kxe8 29. Ne5 Be6 30. a3 Bd5 31. c4 Be4 32. f3 Bc2 33.
Nxc6 Kd7 34. Ne5+ Ke6 35. Kf2 g5 36. Ke3 c5 37. Nd3 {(Time - stopped scoring.
-- Frank Niro.)} {#r} 1-0

[Event "ICA Sumr Classic (Open)"]
[Site "Boise, ID"]
[Date "2012.07.14"]
[Round "1.5"]
[White "McGarvey, James H"]
[Black "Roland, Jeffrey T"]
[Result "0-1"]
[WhiteElo "1600"]
[BlackElo "1700"]

1. d4 Nf6 2. c4 g6 3. Nc3 d5 4. cxd5 Nxd5 5. e4 Nxc3 6. bxc3 Bg7 7. Bc4 O-O 8.
Ne2 c5 9. Be3 cxd4 10. cxd4 Nc6 11. O-O Bg4 12. f3 Na5 13. Rc1 Nxc4 14. Rxc4
Bd7 15. Qb3 b5 16. Rc5 Qa5 17. Rfc1 Rfc8 18. Kf2 Rxc5 19. Rxc5 Rc8 20. Rxc8+
Bxc8 21. Nc3 a6 22. Nd5 Qd8 23. Qb4 Bf8 24. Qd2 Bb7 25. Nb4 Bg7 26. d5 Qc7 27.
Nd3 Qxh2 28. Nc5 Qc7 29. Nxb7 Qxb7 30. Qb4 Qc7 31. Bc5 Be5 32. Ke3 Bd6 33.
Bxd6 Qxd6 34. Qxd6 exd6 35. Kd4 f6 36. f4 Kf7 37. e5 fxe5+ 38. fxe5 dxe5+ 39.
Kxe5 Ke7 40. g3 b4 41. g4 h5 42. g5 h4 43. d6+ Kd7 44. Kf6 h3 45. Kxg6 h2 46.
Kf7 h1=Q 47. g6 Qf3+ 48. Kg8 Qd5+ 49. Kh7 Qxa2 {#R} 0-1

[Event "ICA Sumr Classic (Open)"]
[Site "Boise, ID"]
[Date "2012.07.14"]
[Round "2.3"]
[White "Roland, Jeffrey T"]
[Black "Morrell, Tom A"]
[Result "0-1"]
[WhiteElo "1700"]
[BlackElo "1696"]

1. d4 e6 2. c4 Nf6 3. Nf3 b6 4. g3 Bb7 5. Bg2 d5 6. O-O c5 7. cxd5 Nxd5 8.
dxc5 Bxc5 9. e4 Nb4 10. Qxd8+ Kxd8 11. Nc3 Ke7 12. Rd1 N8c6 13. a3 Nc2 14. Rb1
Rhd8 15. Bf4 f6 16. Bf1 g5 17. Rxd8 Nxd8 18. Bc1 g4 19. Nd2 Nd4 20. b4 Bd6 21.
Bg2 Nf7 22. Nc4 Rc8 23. Bf1 Bb8 24. Be3 Nf3+ 25. Kg2 N7e5 26. Nxe5 Bxe5 {#R}
0-1